000 00451nam a2200169Ia 4500
008 230718s9999 xx 000 0 und d
041 _aeng
082 _a005.75
_bFEU
100 _aFeuerstein S.
245 _aOracle PL/SQL Language
_bPocket Reference
250 _a4th ed.
260 _c2008
_bSpd / Oreilly
300 _a170
365 _cRs.
_b125.00
700 _aFeuerstein S.; Pribly B. & Dawes C.
906 _dB:108090072217-Oct-2008
_cCOMP
999 _c320250
_d320250